| 000 | 00965nmc a2200313 a 4500 | ||
|---|---|---|---|
| 003 | AR-BaBNM | ||
| 005 | 20251128205157.0 | ||
| 008 | 066119s1986 ||||||||||||||000 | spa|| | ||
| 040 | _cAR-BaBNM | ||
| 245 | 1 | 0 | _aDesde Córdoba, les contamos |
| 250 | _a2ª ed. | ||
| 260 |
_aBuenos Aires _bPlus Ultra _c1986 |
||
| 300 | 0 |
_a142 p. _bil. |
|
| 490 | 0 |
_aPara leer y comentar. Tejados rojos _vv. 25 |
|
| 500 | 0 | _aContiene referencias biográficas y bibliográficas de los autores seleccionados en p. 137 | |
| 650 | 4 | _aLIBROS PARA NINOS | |
| 650 | 4 | _aACTIVIDADES DE APRENDIZAJE | |
| 650 | 4 | _aLITERATURA INFANTIL | |
| 650 | 4 | _aANTOLOGIAS | |
| 653 | 0 | _aNARRATIVA | |
| 655 | _aLITERATURA | ||
| 700 | 1 |
_aFinchelman, María Rosa _ecompilador |
|
| 700 | 1 |
_aTorres de Olmos, Marta _ecompilador |
|
| 700 | 1 |
_aFormiga de Tosco, Lidia María _ecompilador |
|
| 700 | 0 |
_aLiotta _eilustrador |
|
| 800 | 1 | _aLacau, María Hortensia | |
| 942 | _cBK | ||
| 998 | _cMARTIN | ||
| 999 |
_c10313 _d10313 |
||